00759nam a22001697a 450000500170000000800410001702000180005804100080007608000130008424501070009726400320020430000200023665300890025665301490034570000460049470000490054020211007141452.0211007s2021 enk||||| |||| 00| 0 eng d a9789811597886 aeng a371 T-29 aTeacher as Designer :bDesign Thinking for Educational Change /cEditors David Scott, Jennifer Lock,.  aCalgary :bSpringer,c2021. a156 p. b23 cm. aმასწავლებელი, როგორც დიზაინერი aდიზაინის აზროვნება საგანმანათლებლო ცვლილებებისთვის aScott, Davideრედაქტორი aLock, Jennifer eრედაქტორი